| 000 | 01515nam0a2200373 4500 | ||
|---|---|---|---|
| 001 | RU\NLR\BIBL_A\022638057 | ||
| 005 | 20260420054447.0 | ||
| 010 |
_a978-5-4484-5073-0 _91000 |
||
| 021 |
_aRU _bКН-П-25-050247 _9КН-П-25-4858 |
||
| 035 | _a(NLR Aleph) 022638057 | ||
| 090 |
_a13685156 _c13685156 |
||
| 100 | _a20251007d2025 k y0rusy50 ca | ||
| 101 | 0 | _arus | |
| 102 | _aRU | ||
| 105 | _aa z 000yy | ||
| 181 | 0 |
_ai3 _baxxe |
|
| 181 | 0 |
_ab1 _bxb2e |
|
| 182 | 0 | _an | |
| 200 | 1 |
_aДроны. Главное оружие XXI века _fАлександр Широкорад |
|
| 203 |
_aТекст _aИзображение _bвизуальные _cнепосредственные |
||
| 205 | _a2-е изд., пер. и доп. | ||
| 210 |
_aМосква _cВече _d2025 |
||
| 215 |
_a390, [9] с. _cил., табл. _d22 |
||
| 313 | _a1 изд. 2023 г. вышло под заглавием "Дроны. Оружие XXI века". | ||
| 320 | _aБиблиогр.: с. 390–391 и в подстроч. примеч. | ||
| 333 | _a12+ | ||
| 517 | 1 | _aОружие XXI века | |
| 606 | 1 |
_aВоенные летательные аппараты беспилотные _xБоевое применение _92621935 _3RU\NLR\AUTH\661558495 |
|
| 686 | 1 | _aЦ651.113-91 | |
| 700 | 1 |
_7ca _8rus _aШирокорад _bА. Б. _f1947- _gАлександр Борисович _9109448 _3RU\NLR\AUTH\77126524 |
|
| 942 | _cBOOK | ||
| 980 | _aNB | ||